000 00201nam a2200073Ia 4500
008 170523s9999 xx 000 0 und d
100 _aWebster- J.G.
245 0 _aMedical Insstrumentation Application and Design
260 _aWiley India
999 _c12035
_d12035